Dictatorship (Record no. 136259)

MARC details
000 -LEADER
fixed length control field 00927nam a2200277Ia 4500
003 - CONTROL NUMBER IDENTIFIER
control field OSt
005 - DATE AND TIME OF LATEST TRANSACTION
control field 20220918170844.0
008 - FIXED-LENGTH DATA ELEMENTS--GENERAL INFORMATION
fixed length control field 220917b |||||||| |||| 00| 0 eng d
020 ## - INTERNATIONAL STANDARD BOOK NUMBER
International Standard Book Number 9780745646480
037 ## - SOURCE OF ACQUISITION
Terms of availability Textual
040 ## - CATALOGING SOURCE
Original cataloging agency ARTS
Transcribing agency ARTS
Language of cataloging eng
041 ## - LANGUAGE CODE
Source of code eng
Language code of text/sound track or separate title eng
100 ## - MAIN ENTRY--PERSONAL NAME
Personal name Schmitt Carl
9 (RLIN) 31722
245 #0 - TITLE STATEMENT
Title Dictatorship
Remainder of title From the origin of the modern concept of sovereignty to proletarian class struggle
260 ## - PUBLICATION, DISTRIBUTION, ETC.
Place of publication, distribution, etc. Malden
Name of publisher, distributor, etc. Polity UK
Date of publication, distribution, etc. 2014
300 ## - PHYSICAL DESCRIPTION
Extent xlv, 314p.
Dimensions cm.
650 ## - SUBJECT ADDED ENTRY--TOPICAL TERM
Topical term or geographic name entry element POLITICAL SCIENCE
700 ## - ADDED ENTRY--PERSONAL NAME
Personal name Hielzl Michael Tr.
9 (RLIN) 31723
700 ## - ADDED ENTRY--PERSONAL NAME
Personal name Ward Graham Tr.
9 (RLIN) 31724
942 ## - ADDED ENTRY ELEMENTS (KOHA)
Classification part W64, Q4
Koha item type Textual
Source of classification or shelving scheme Colon Classification (CC)
Holdings
Withdrawn status Lost status Damaged status Not for loan Home library Current library Date acquired Source of acquisition Cost, normal purchase price Total Checkouts Full call number Barcode Date last seen Cost, replacement price Price effective from Koha item type
        Arts Library Arts Library 2022-09-18 CBS/282, 14/03/2014, Classic Book Service 1536.42   W64 Q4 AL1569985 2022-09-18 1536.42 2022-09-18 Textual
Copyright @ Delhi University Library System